| 000 | 00712cam a2200265 4500 | ||
|---|---|---|---|
| 001 | J1201 | ||
| 008 | 090401t1992 xxu||||| |||| 00| 0 eng d | ||
| 035 | _a(Sirsi) u42304 | ||
| 041 | _aeng | ||
| 050 | _a690.0285 | ||
| 100 | _aJames, Michael T. | ||
| 245 | _aSite data management survey 1991. | ||
| 260 |
_aAscot, Berks. _bChartered Institute of Building _c1992 |
||
| 300 | _a6p. ; 30cm. | ||
| 350 | _a3.5 | ||
| 490 |
_aConstruction Papers _v13 |
||
| 650 | _aBUILDING SITES | ||
| 650 | _aCOMPUTERS | ||
| 650 | _aCOST CONTROL | ||
| 650 | _aDATA MANAGEMENT | ||
| 690 | _aBUILDING AND CONSTRUCTION-COMPUTERS | ||
| 710 |
_aChartered Institute of Building _92134 |
||
| 942 | _n0 | ||
| 948 | _c04/03/1997 | ||
| 999 |
_c91066 _d91066 |
||